000
00298nam a2200121Ia 4500
008
190216s9999||||xx |||||||||||||| ||und||
100
_a
Daniel P A And Paul P A Etc
245
0
_a
Pree Degree Physics
260
_b
G B Corporation Cochin
_c
1979
300
_a
248p
650
_a
Physics
942
_c
BK
999
_c
33099
_d
33099